00650 2200229 4500001002100000005001500021035002000036007000300056008004100059020002200100082001000122084001600132100002200148245009400170250001100264260003100275300004100306700002200347700001700369700002000386700001400406INLIS00000000000182320240508080834 a0010-0524000001ta240508 f 0 ind  a978-623-180-124-1 a323.6 a323.6 AGU b0 aAgung Tri Laksono1 aBidik P5 Proyek Penguatan Profil Pancasila: Gaya Hidup Berkelanjutan /cAgung Tri Laksono aCet. 1 aJakarta :bErlangga,c2023 a72 hlm. :bilust. ;c21 cm x 29,7 cm0 aDuwi Retnaningsih0 aEny Kristini0 aEndah Wihartati0 aSri Kandi